000 00854nam a22002297a 4500
005 20120106114153.0
008 120106t xxu||||| |||| 00| 0 eng d
010 _aENG-104624
020 _a9789380408736
_c275.00
035 _aEN-88157
037 _bDBAD/PUB
040 _aDPL
_bEng
082 _a658.15
100 _aRama Mohan Rao, M.
_938484
245 _aEngineering economics & management concepts /
_cby M. Rama Mohan Rao [and] G.V. Satya Sekhar
260 _aNew Delhi
_bAcme Learning
_c2011
270 _a2/8 Ansari Road Darya Ganj
_bNew Delhi
_e110002
300 _axiv,456p. :
_bill.
_c24cm(pbk)
700 _aSatya Sekhar, G.V.
_938485
942 _2ddc
_cEN
_h658.15
_mRAM
999 _c60437
_d60437